All 5-Letter Palindromes Quiz Stats

 Plays Quiz Updated Apr 21, 2016

Score 0/34 Timer 07:00
3 Plays Today
% Correct
radar
94.9%
kaiak|kayak
94.5%
rotor
93.7%
madam
90.2%
dewed
89.1%
sexes
88.6%
shahs
88.2%
civic
87.8%
level
85.5%
solos
84.2%
stats
83.7%
sagas
81.8%
refer
79.3%
tenet
75.5%
deled
64.8%
deked
63.2%
anana
54.1%
% Correct
stets
41.1%
torot
36.3%
malam
33.2%
minim
32.5%
sedes
31%
dered
30.9%
stots
30.4%
alula
26%
samas
23.6%
semes
21.3%
sulus
12.2%
seres
11.9%
simis
11%
siris
7.7%
lemel
7.1%
susus
6.7%
seles
4.7%

You're not logged in!

Compare scores with friends on all Sporcle quizzes.
OR
Log In

Show Comments

Extras

Top Quizzes Today


Score Distribution

Your Account Isn't Verified!

In order to create a playlist on Sporcle, you need to verify the email address you used during registration. Go to your Sporcle Settings to finish the process.

Report this User

Report this user for behavior that violates our Community Guidelines.

Details: